000 00449nam a2200133 4500
999 _c6698
_d6698
008 150929b xxu||||| |||| 00| 0 eng d
050 _aREF QL 750 A93 1965
100 _a National Audubon society
245 _aThe Audubon nature encyclopedia/
_cNational Audubon Society.
260 _aNew York:
_bCurtis books,
_c1965.
300 _a1193-1392 p. : ill.
_c20 cm
650 _aNature.
942 _2lcc
_cREF_BOOK
_hREF QL 750 A93 1965